skbl

Dr Suryya Kumar Bhuyan Library Web-OPAC
ডঃ সূৰ্য্য
কুমাৰ ভূঞা পুথিভঁৰাল ৱেব-অ'পেক

All Research Scholars are advised to clear the annual library fees to continue using Library Resources, Remote Access, Plagiarism Test and Library Clearance.

Cotton University Book Fair 2026

Income Tax Reyurns of the Province of Assam 1900 - 01 / (Record no. 2502)

MARC details
000 -LEADER
fixed length control field 00637nam a2200229Ia 4500
001 - CONTROL NUMBER
control field 2509
005 - DATE AND TIME OF LATEST TRANSACTION
control field 20240113233543.0
007 - PHYSICAL DESCRIPTION FIXED FIELD--GENERAL INFORMATION
fixed length control field ta
008 - FIXED-LENGTH DATA ELEMENTS--GENERAL INFORMATION
fixed length control field 050226s1901 a g b000 u eng u
040 ## - CATALOGING SOURCE
Original cataloging agency Ref.Stack
041 ## - LANGUAGE CODE
Language code of text/sound track or separate title eng
082 ## - DEWEY DECIMAL CLASSIFICATION NUMBER
Classification number 336.24905
Item number Mo 74 In
100 ## - MAIN ENTRY--PERSONAL NAME
Personal name Monahan, F.J. .
245 #0 - TITLE STATEMENT
Title Income Tax Reyurns of the Province of Assam 1900 - 01 /
Statement of responsibility, etc. F.J.Monahan.
Medium Reports
250 ## - EDITION STATEMENT
Edition statement 1st ed /
260 ## - PUBLICATION, DISTRIBUTION, ETC.
Place of publication, distribution, etc. Shillong :
Name of publisher, distributor, etc. Assam Secretariat ,
Date of publication, distribution, etc. 1901.
300 ## - PHYSICAL DESCRIPTION
Extent 10p. :
Other physical details ill ;
Dimensions 32cm. .
653 ## - INDEX TERM--UNCONTROLLED
Uncontrolled term Report : Income Tax Reyurns of the Province of Assam
942 ## - ADDED ENTRY ELEMENTS (KOHA)
Source of classification or shelving scheme Dewey Decimal Classification
Koha item type Books
Holdings
Withdrawn status Lost status Damaged status Not for loan Collection Home library Current library Date acquired Coded location qualifier Total checkouts Full call number Barcode Date last seen Copy number Price effective from Koha item type
          Dr. Suryya Kumar Bhuyan Library Dr. Suryya Kumar Bhuyan Library 01/02/2012 00000   336.24905 Mo 74 In 362/RR 13/01/2024 1 01/02/2012 Books

Designed and Maintained by Team SKBL
©1901-2026

Powered by Koha